| 000 | 00516 a2200169 4500 | ||
|---|---|---|---|
| 003 | OSt | ||
| 005 | 20231123101443.0 | ||
| 008 | 231123b |||||||| |||| 00| 0 eng d | ||
| 020 | _a9789355738547 | ||
| 040 | _coclc | ||
| 082 |
_a540 _bMIS/P |
||
| 100 |
_aMishra, Surendra K _99931 |
||
| 245 |
_aProblems and solutions in Organic chemistry for JEE (Main and advanced) / _cSurendra K Mishra |
||
| 250 | _a3e | ||
| 260 |
_bCengage Learning, _c2023. |
||
| 942 |
_2ddc _cBK _h540 _iMIS/P _k540 _mMIS/P |
||
| 999 |
_c41858 _d41858 |
||